000 01070nam a22002417a 4500
003 NALT
005 20251125232959.0
008 s2548 th tha d
020 _a9741334184
040 _aNALT
041 _atha
090 _aKG 202
_bพ885พ 2548
100 0 _aเพ็ญจันทร์ โชติบาล
_957341
245 1 0 _aพระราชอำนาจในการพระราชทานอภัยโทษของพระมหากษัตริย์ไทย /
_cเพ็ญจันทร์ โชติบาล.
260 _aกรุงเทพฯ :
_bสำนักพิมพ์แห่งจุฬาลงกรณ์มหาวิทยาลัย,
_c2548
300 _a224 หน้า ;
_c26 ซม.
650 0 4 _aอภัยโทษ
_915779
650 0 4 _aพระราชอำนาจ
_913121
850 _aNALT
856 4 0 _uhttps://hdl.handle.net/20.500.14156/302904
942 _cLB
_2local
999 _c47019
_d47019
998 _j111
_k นางสาวพจพิณ พรมเอี่ยม